اتجاهات السياسة الجنائية الحديثة في معاملة المجرمين الخطرين / (Record no. 46651)
[ view plain ]
| 000 -LEADER | |
|---|---|
| fixed length control field | 00948nab a2200217 i 4500 |
| 005 - DATE AND TIME OF LATEST TRANSACTION | |
| control field | 20260427201116.0 |
| 008 - FIXED-LENGTH DATA ELEMENTS--GENERAL INFORMATION | |
| fixed length control field | 251127d19892022ua tr|j| |||| 00| 0 ara d |
| 040 ## - CATALOGING SOURCE | |
| Original cataloging agency | EG-GICUC |
| Transcribing agency | EG-GICUC |
| Modifying agency | EG-GICUC |
| Description conventions | rda |
| 082 04 - DEWEY DECIMAL CLASSIFICATION NUMBER | |
| Classification number | 343.93 |
| Edition information | 21 |
| 245 00 - TITLE STATEMENT | |
| Title | اتجاهات السياسة الجنائية الحديثة في معاملة المجرمين الخطرين / |
| Statement of responsibility, etc. | إعداد: د. ميادة مصطفى محمد المحروقي. |
| 264 01 - PRODUCTION, PUBLICATION, DISTRIBUTION, MANUFACTURE, AND COPYRIGHT NOTICE | |
| Place of production, publication, distribution, manufacture | القاهرة : |
| Name of producer, publisher, distributor, manufacturer | كلية الحقوق-جامعة المنصورة، |
| Date of production, publication, distribution, manufacture, or copyright notice | 2021 - |
| 300 ## - PHYSICAL DESCRIPTION | |
| Extent | 911-1086 صفحة؛ |
| Dimensions | 26 سم. |
| 336 ## - CONTENT TYPE | |
| Source | rda content |
| Content type term | Text |
| 337 ## - MEDIA TYPE | |
| Source | rda media |
| Media type term | unmediated |
| 338 ## - CARRIER TYPE | |
| Source | rda carrier |
| Carrier type term | volume |
| 362 0# - DATES OF PUBLICATION AND/OR SEQUENTIAL DESIGNATION | |
| Dates of publication and/or sequential designation | . |
| 773 ## - HOST ITEM ENTRY | |
| Title | مجلة البحوث القانونية والإقتصادية. |
| Related parts | العدد الثامن والسبعون: الجزء الثاني. |
| Record control number | 46646 |
| 856 ## - ELECTRONIC LOCATION AND ACCESS | |
| Uniform Resource Identifier | <a href="https://fll.law.cu.edu.eg/fulltext/cr/S00-088555.pdf">https://fll.law.cu.edu.eg/fulltext/cr/S00-088555.pdf</a> |
| 905 ## - Cataloger | |
| Cataloger name | Nourhan Saeed |
| 942 ## - ADDED ENTRY ELEMENTS (KOHA) | |
| Source of classification or shelving scheme | Dewey Decimal Classification |
| Koha item type | Articles |
| Suppress in OPAC | No |
| Withdrawn status | Lost status | Source of classification or shelving scheme | Damaged status | Not for loan | Collection | Home library | Current library | Date acquired | Total checkouts | Full call number | Barcode | Date last seen | Price effective from | Koha item type |
|---|---|---|---|---|---|---|---|---|---|---|---|---|---|---|
| Dewey Decimal Classification | Not for loan | القانون الجنائي | جــــامعة القــاهرة | مكتبة كلية الحقوق - المبنى الرئيسي | 27.04.2026 | Law1 10 343.93 م ي . ا 2021 1007527 C1 | B10-07527 | 27.04.2026 | 27.04.2026 | Continuing Resources |